[Event "Dortmund-A"]
[Site "Dortmund"]
[Date "1990.??.??"]
[Round "?"]
[White "Azmaiparashvili, Zurab"]
[Black "Lobron, Eric"]
[Result "1/2-1/2"]
[WhiteElo "2610"]
[BlackElo "2545"]

1.c4 e6 2.g3 d5 3.Bg2 Nf6 4.Nf3 dxc4 5.Na3 Bxa3 6.Qa4+ Bd7 7.Qxa3 Bc6 8.O-O Nbd7
9.b3 Nb6 10.bxc4 Nxc4 11.Qb4 Nd6 12.Bb2 O-O 13.Rac1 a5 14.Qf4 Re8 15.Qe5 a4
16.d3 Bxf3 17.Bxf3 c6 18.Rc5 Re7 19.Rb1 Rd7 20.Ba1 Qe7 21.Ra5 Rdd8 22.Rb4 a3
23.Rxa8 Rxa8 24.Qc5 Nd5 25.Bxd5 exd5 26.e4 dxe4 27.Rxe4 Qf8 28.Rh4 h6 29.Rg4 f6
30.Qh5 Re8 31.Bd4 Qf7 32.Qxh6 Nf5 33.Qd2 b5 34.Ba1 c5 35.d4 Qd5 36.h4 cxd4
37.h5 Kf7 38.Rf4 Re4 39.h6 Nxh6 40.Rxe4 Qxe4 41.Qxd4 Qb1+ 42.Kg2 b4 43.Qd5+ Kg6
44.Bd4 Qd3 45.Qd7 Qe4+ 46.Kh2 Kh7 47.Kg1 Ng4 48.Qd6 Ne5 49.Bxe5 fxe5 50.Qd1 Kg6
51.Qd6+ Kh7 52.Qd1 Kh6 53.Qd2+ Kh5 54.Qd1+ Kg5 55.Qd8+ Kh6 56.Qd2+ Kh5 57.Qd1+ Qg4
58.Qd3 g6 59.Qd5 Qd4 60.Qf7 Qd3 61.Qf6 Qd4  1/2-1/2

[Event "Dortmund-A"]
[Site "Dortmund"]
[Date "1990.??.??"]
[Round "?"]
[White "Azmaiparashvili, Zurab"]
[Black "Chernin, Alexander"]
[Result "0-1"]
[WhiteElo "2610"]
[BlackElo "2600"]

1.c4 Nf6 2.Nc3 e6 3.Nf3 d5 4.d4 dxc4 5.e4 Bb4 6.Bg5 c5 7.e5 cxd4 8.Qa4+ Nc6
9.O-O-O h6 10.Nxd4 Bxc3 11.Nxc6 Bd7 12.Qa3 bxc6 13.Bxf6 Bxb2+ 14.Qxb2 gxf6
15.Bxc4 Qb6 16.exf6 Qxb2+ 17.Kxb2 Rg8 18.Kc3 Rg6 19.Rd2 Rxf6 20.Rb1 c5 21.f3 a6
22.Rb6 Bb5 23.Bxb5+ axb5 24.Rxb5 Rf4 25.Rdb2 Ra3+ 26.R5b3 Raa4 27.Kc2 Ke7
28.Rd3 Ra7 29.Kb1 Rd4 30.Rxd4 cxd4 31.Rb4 e5 32.a4 Kd6 33.Kc2 Rc7+ 34.Kd2 Rc3
35.Rb6+ Kd5 36.Rb5+ Ke6 37.Rb6+ Kf5 38.Rxh6 Ra3 39.g4+ Kg5 40.Rh5+ Kf6 41.Rf5+ Ke6
42.f4 f6 43.a5 Rxa5 44.fxe5 fxe5 45.Rf8 Ra2+ 46.Kd3 Ra3+ 47.Ke2 Rh3 48.g5 Rxh2+
49.Kf3 Rh7 50.Rf6+ Kd5 51.g6 Rh3+ 52.Kf2 Rh5 53.Kf3 Rh3+ 54.Kg2 Rh5 55.Kf3 Rg5
56.Ra6 Rf5+ 57.Ke2 Ke4 58.g7 d3+ 59.Ke1 Ke3 60.Ra2 Rg5 61.Re2+ Kd4  0-1

[Event "Dortmund-A"]
[Site "Dortmund"]
[Date "1990.??.??"]
[Round "?"]
[White "Azmaiparashvili, Zurab"]
[Black "Bischoff, Klaus"]
[Result "1-0"]
[WhiteElo "2610"]
[BlackElo "2505"]

1.c4 Nf6 2.Nc3 c5 3.g3 e6 4.Nf3 Be7 5.d4 cxd4 6.Nxd4 a6 7.Bg2 Qc7 8.O-O O-O
9.Qc2 d6 10.Rd1 Nbd7 11.Bf4 Ne5 12.Rac1 Ng6 13.Bg5 h6 14.Bxf6 Bxf6 15.Nb3 Rb8
16.Ne4 Be7 17.c5 d5 18.Nc3 f5 19.Nd4 Ne5 20.e3 Nc6 21.Nce2 Bf6 22.Nf4 Nxd4
23.exd4 g5 24.Ng6 Rd8 25.f4 Qg7 26.Ne5 Bxe5 27.fxe5 Bd7 28.a4 a5 29.Bf1 Rf8
30.b4 axb4 31.Rb1 b3 32.Qxb3 g4 33.a5 Qg5 34.Qc3 f4 35.Qd2 Ba4 36.Rdc1 Bc6
37.Bd3 fxg3 38.Qxg5+ hxg5 39.Rc3 gxh2+ 40.Kxh2 Rf3 41.a6 Kf7 42.Kg2 Ke7 43.Rcb3 Kd7
44.Bb5 Kc7 45.Bxc6 Rxb3 46.Rxb3 bxc6 47.Rxb8  1-0

[Event "Dortmund-A"]
[Site "Dortmund"]
[Date "1990.??.??"]
[Round "?"]
[White "Wahls, Matthias"]
[Black "Stohl, Igor"]
[Result "1/2-1/2"]
[WhiteElo "2565"]
[BlackElo "2530"]

1.e4 c5 2.Nf3 d6 3.d4 cxd4 4.Nxd4 Nf6 5.Nc3 a6 6.Bc4 e6 7.O-O Be7 8.Bb3 O-O
9.f4 Nbd7 10.f5 Nc5 11.fxe6 fxe6 12.Nf5 Nxb3 13.Nxe7+ Qxe7 14.axb3 Bd7 15.Bg5 Bc6
16.Qe2 h6 17.Bh4 Rf7 18.e5 dxe5 19.Qxe5 Raf8 20.Rae1 Qb4 21.Rf4 Nd7 22.Rxb4 Nxe5
23.Bg3 Ng6 24.Rg4 Kh7 25.Bd6 Re8 26.Rg3 Rd7 27.Bc5  1/2-1/2